Historias de clínica quirúrgica (Registro nro. 166023)

Detalles MARC
000 -LEADER
campo de control de longitud fija 00912nam a22001815i 4500
001 - NÚMERO DE CONTROL
campo de control 166023
003 - IDENTIFICADOR DE NÚMERO DE CONTROL
campo de control ES-MaACL
005 - FECHA Y HORA DE LA ÚLTIMA TRANSACCIÓN
campo de control 20230906213241.0
008 - DATOS DE LONGITUD FIJA--INFORMACIÓN GENERAL
campo de control de longitud fija 050920s1880 sp | |||||||| ||spa d
040 ## - FUENTE DE CATALOGACIÓN
Centro catalogador/agencia de origen CAM
Lengua de catalogación spa
Centro/agencia transcriptor CAM
100 1# - ENTRADA PRINCIPAL--NOMBRE DE PERSONA
Nombre de persona Tapia y Serrano, Manuel.
9 (RLIN) 109246
245 10 - MENCIÓN DEL TÍTULO
Título Historias de clínica quirúrgica
Resto del título : colección de más de 300 observaciones completadas con análisis histológicos y trazados esfigmográficos recogidos durante los cursos de 1877 á 1880 en la clínica del Dr. Creus y Manso...revisadas por este para su publicación /
Mención de responsabilidad, etc. M. Tapia.
260 ## - PUBLICACIÓN, DISTRIBUCIÓN, ETC.
Lugar de publicación, distribución, etc. Madrid :
Nombre del editor, distribuidor, etc. [s.n.],
Fecha de publicación, distribución, etc. 1880 (
Fabricante Imprenta de P. Abienzo)
300 ## - DESCRIPCIÓN FÍSICA
Extensión 291 p. ;
Dimensiones 22 cm.
650 #4 - PUNTO DE ACCESO ADICIONAL DE MATERIA--TÉRMINO DE MATERIA
Término de materia o nombre geográfico como elemento de entrada Cirugía-
Subdivisión de forma Casos clínicos.
9 (RLIN) 139190
700 0# - ENTRADA AGREGADA--NOMBRE PERSONAL
Nombre de persona Creus y Manso, Juan.
9 (RLIN) 41578
852 ## - LOCALIZACIÓN
Ubicación ES-MaACL
Número de control de estantería G-15437(1)
Nota libre -- Enc. hol.
-- .- Dedicatoria autógrafa de Manuel Tapia a Gustavo Sáenz Diez
-- .- Legado de Gustavo Saenz Diez
Existencias
Estatus retirado Estado de pérdida Estado de daño No para préstamo Colección Biblioteca de origen Biblioteca actual Ubicación en estantería Fecha de adquisición Fuente de adquisición Total de préstamos Signatura topográfica completa Código de barras Visto por última vez Precio de reemplazo Tipo de ítem Koha
        Libros del s. XIX Biblioteca del Ateneo de Madrid Biblioteca del Ateneo de Madrid Sala Pecera Planta 3 17/01/2008     G-15437(1) 1174115 23/02/2023 23/02/2023 Libro impreso antiguo